01648nam a2200361 c 450000100060000000300100000600500170001600700030003300800410003602000180007704000350009504100130013008200210014310000340016424501630019825000220036126400560038330000420043933600270048133700330050833800280054149000130056950000320058250503170061452100610093153400220099265000640101465000580107865000540113670000370119070000330122770000260126058857CO-BoRNBP20250828193444.0ta210812s2015 ck a br 000 0 spa d a9789583045691 aCO-BoRNBPbspaerdacCO-BoRNBP1 aspahbos04a791.43bA52c223 aAndric, Radivoje,d1967-eaut10aCómo se hace una película /cRadivoje Andric ; ilustraciones Andrej Vojkovic ; edición Marcela Carrasquilla Henao ; traducción Ana Pérez Calderón. aPrimera edición 1aBogotá, Colombia :bPanamericana Editorial,c2015 a50 páginas :bilustraciones a color atextobtxt2rdacontent asin mediaciónbn2rdamedia avolumenbnc2rdacarrier0 aDescubre aIncluye glosario e índice0 aLas primeras películas -- Clasificación de las películas. -- Tiempo fílmico -- Encuadre de las tomas -- Locaciones fílmicas -- Rampa - Composición de tus tomas -- Más sobre la cámara -- Qué se necesita para hacer una película -- Guion y guion para el rodaje de un cortometraje -- Continuidad aRecomendado para un público infantil mayor de 9 años tKako snimiti film07aCinexProducción y direcciónxLiteratura infantil2lemb07aGuiones cinematográficosxLiteratura infantil2LEMB07aMontaje de películasxLiteratura infantil2lemb aCarrasquilla Henao, Marcelaeedt aPérez Calderón, Anaetrl aVojkovic, Andrejeill